Online katalóg knižníc regiónu Turca

Oslava na gazdovstve (Record no. 21317)

MARC details
000 -LEADER
fixed length control field 01372cam a2200421 a 4500
001 - CONTROL NUMBER
control field 21317
003 - CONTROL NUMBER IDENTIFIER
control field VRT
005 - DATE AND TIME OF LATEST TRANSACTION
control field 20260226125927.0
008 - FIXED-LENGTH DATA ELEMENTS--GENERAL INFORMATION
fixed length control field 180809s2010 xo a a 000 p slo
015 ## - NATIONAL BIBLIOGRAPHY NUMBER
National bibliography number SNBA2012/11-05546
020 ## - INTERNATIONAL STANDARD BOOK NUMBER
International Standard Book Number 9788071469667
Qualifying information (viaz.)
039 #9 - LEVEL OF BIBLIOGRAPHIC CONTROL AND CODING DETAIL [OBSOLETE]
Level of rules in bibliographic description 202309111533
Level of effort used to assign nonsubject heading access points AUTHORITY
Level of effort used to assign subject headings 201808091513
Level of effort used to assign classification VLOAD
Level of effort used to assign subject headings 201301281453
Level of effort used to assign classification msnk38
Level of effort used to assign subject headings 201105051248
Level of effort used to assign classification mpppk18
040 ## - CATALOGING SOURCE
Original cataloging agency VTHK
Language of cataloging slo
Transcribing agency VTHK
Modifying agency SNK
Description conventions AACR2
041 0# - LANGUAGE CODE
Language code of text/sound track or separate title slo
044 ## - COUNTRY OF PUBLISHING/PRODUCING ENTITY CODE
MARC country code xo
ISO country code SK
072 #7 - SUBJECT CATEGORY CODE
Subject category code 821-93
Subject category code subdivision Literatúra pre deti a mládež (beletria)
Source konspekt
080 ## - UNIVERSAL DECIMAL CLASSIFICATION NUMBER
Universal Decimal Classification number 821-93
Edition identifier 2001
080 ## - UNIVERSAL DECIMAL CLASSIFICATION NUMBER
Universal Decimal Classification number 821-193
Edition identifier 2001
080 ## - UNIVERSAL DECIMAL CLASSIFICATION NUMBER
Universal Decimal Classification number (0:82-193)
Edition identifier 2001
080 ## - UNIVERSAL DECIMAL CLASSIFICATION NUMBER
Universal Decimal Classification number (0.025.2)
Edition identifier 2001
245 00 - TITLE STATEMENT
Title Oslava na gazdovstve
Statement of responsibility, etc. zveršovala Gabriela Dittelová
250 ## - EDITION STATEMENT
Edition statement 1. slov. vyd.
260 ## - PUBLICATION, DISTRIBUTION, ETC.
Place of publication, distribution, etc. Bratislava
Name of publisher, distributor, etc. Junior
Date of publication, distribution, etc. 2010
300 ## - PHYSICAL DESCRIPTION
Extent [10] s.
Other physical details ilustr.
Dimensions 23 cm
500 ## - GENERAL NOTE
General note Kartónové listy s trblietavými obrázkami
521 ## - TARGET AUDIENCE NOTE
Target audience note Nevhodné pre deti do 3 rokov
655 #7 - INDEX TERM--GENRE/FORM
Genre/form data or focus term leporelá
Source of term SNKPH
655 #7 - INDEX TERM--GENRE/FORM
Genre/form data or focus term publikácie pre deti
Source of term SNKPH
655 #7 - INDEX TERM--GENRE/FORM
Genre/form data or focus term riekanky
Source of term SNKPH
700 1# - ADDED ENTRY--PERSONAL NAME
Personal name Dittelová, Gabriela,
Dates associated with a name 1973-
Relationship aut
910 ## - USER-OPTION DATA (OCLC)
User-option data vthk
910 ## - USER-OPTION DATA (OCLC)
User-option data snk
910 ## - USER-OPTION DATA (OCLC)
User-option data pppk
942 ## - ADDED ENTRY ELEMENTS (KOHA)
Source of classification or shelving scheme Dewey Decimal Classification
Koha item type Krásna literatúra pre deti
Suppress in OPAC No
949 ## - LOCAL PROCESSING INFORMATION (OCLC)
6 17A0690380
a snkOSC 25440
b snk2011/5060
o 646/11
949 ## - LOCAL PROCESSING INFORMATION (OCLC)
6 17A0690379
a snkOSC 25440 D1
b snk2011/5061
o 646/11
Holdings
Stav vyradenia Strata Poškodenie Spôsob nadobudnutia Domovská knižnica Aktuálna knižnica Dátum nadobudnutia Total checkouts Čiarový kód exemplára Date last seen Typ exemplára
      Dar Obecná knižnica Turčianska Štiavnička Obecná knižnica Turčianska Štiavnička 26.02.2026   4738000096 26.02.2026 Krásna literatúra pre deti
Projekt je podporený Slovenskou asociáciou knižníc
Prevádzkuje Turčianska knižnica Martin 2026